| 000 | 00629nam a22002537a 4500 | ||
|---|---|---|---|
| 003 | UA-OsUOA | ||
| 001 | 26209 | ||
| 007 | ta | ||
| 008 | 20040520b un ||||| |||| 00| 0 ukr d | ||
| 100 | _aО'Рурк | ||
| 090 |
_a511 _bО-70 |
||
| 942 | _cBK | ||
| 040 |
_aUA-OsUOA _brus _cUA-OsUOA _dUA-OsUOA |
||
| 245 |
_aТаблицы умножения _cО'Рурк |
||
| 300 | _a336 с. | ||
| 955 | _a0 | ||
| 041 | _arus | ||
| 080 | _a511 | ||
| 260 |
_aМосква _bСтатистика _c1974 |
||
| 044 | _aRU | ||
| 250 | _nСедьмое дополненное издание | ||
| 650 | 7 | _2UDC | |
| 999 |
_c312525 _d312525 |
||